<?xml version="1.0" encoding="UTF-8"?>
<collection xmlns="http://www.loc.gov/MARC21/slim">
  <record>
    <leader>00000nam  2200000   4500</leader>
    <controlfield tag="001">INLIS000000000046384</controlfield>
    <controlfield tag="005">20200916082759</controlfield>
    <datafield tag="035" ind1="#" ind2="#">
      <subfield code="a">0010-031500000000156</subfield>
    </datafield>
    <controlfield tag="008">200916################g##########0#ind##</controlfield>
    <datafield tag="020" ind1="#" ind2="#">
      <subfield code="a">978-602-70254-0-0</subfield>
    </datafield>
    <datafield tag="040" ind1="#" ind2="#">
      <subfield code="a">NBPDMAT</subfield>
    </datafield>
    <datafield tag="082" ind1="#" ind2="#">
      <subfield code="a">303.62</subfield>
    </datafield>
    <datafield tag="090" ind1="#" ind2="#">
      <subfield code="a">303.62</subfield>
      <subfield code="b">Agu m</subfield>
    </datafield>
    <datafield tag="100" ind1=" " ind2="#">
      <subfield code="a">Agus SB</subfield>
    </datafield>
    <datafield tag="245" ind1="1" ind2="#">
      <subfield code="a">Merintis jalan mencegah terorisme :</subfield>
      <subfield code="b">( Sebuah bunga rampai) /</subfield>
      <subfield code="c">Agus SB</subfield>
    </datafield>
    <datafield tag="260" ind1="#" ind2="#">
      <subfield code="a">Jakarta :</subfield>
      <subfield code="b">Semarak Lautan Warna,</subfield>
      <subfield code="c">2014</subfield>
    </datafield>
    <datafield tag="300" ind1="#" ind2="#">
      <subfield code="a">xvi, 496 hlm. :</subfield>
      <subfield code="b">ilus ;</subfield>
      <subfield code="c">16x23 cm.</subfield>
    </datafield>
    <datafield tag="084" ind1="#" ind2="#">
      <subfield code="a">303.62 AGU m</subfield>
    </datafield>
    <datafield tag="650" ind1="#" ind2="4">
      <subfield code="a">Terorisme</subfield>
    </datafield>
    <datafield tag="990" ind1="#" ind2="#">
      <subfield code="a">31500120</subfield>
    </datafield>
  </record>
</collection>
